PR-SOF-2146- Design, Development, Fabrication and Testing of Meso-Scale Accelerometers Using Capacitive and Hall Effect Sensing (Record no. 591859)
[ view plain ]
| 000 -LEADER | |
|---|---|
| fixed length control field | 00529nam a22001337a 4500 |
| 040 ## - CATALOGING SOURCE | |
| Transcribing agency | NUST |
| 082 ## - DEWEY DECIMAL CLASSIFICATION NUMBER | |
| Classification number | PRO 220 |
| 100 ## - MAIN ENTRY--PERSONAL NAME | |
| Personal name | Ahmer Adnan Malik Shaheer Habib Malik M. Taimoor Waleed Abdullah |
| 9 (RLIN) | 100431 |
| 110 ## - MAIN ENTRY--CORPORATE NAME | |
| Corporate name or jurisdiction name as entry element | Project Supervisor Dr. Tayyab Zafar Dr. Mubasher Saleem |
| 9 (RLIN) | 100432 |
| 245 ## - TITLE STATEMENT | |
| Title | PR-SOF-2146- Design, Development, Fabrication and Testing of Meso-Scale Accelerometers Using Capacitive and Hall Effect Sensing |
| 260 ## - PUBLICATION, DISTRIBUTION, ETC. | |
| Place of publication, distribution, etc. | ISLAMABAD: |
| Name of publisher, distributor, etc. | NUST COLLEGE OF EME, |
| Date of publication, distribution, etc. | 2022. |
| 650 ## - SUBJECT ADDED ENTRY--TOPICAL TERM | |
| Topical term or geographic name entry element | DE-MTS-40 |
| 9 (RLIN) | 98604 |
| 942 ## - ADDED ENTRY ELEMENTS (KOHA) | |
| Source of classification or shelving scheme | |
| Koha item type | Project Report |
| Withdrawn status | Lost status | Source of classification or shelving scheme | Damaged status | Not for loan | Permanent Location | Current Location | Shelving location | Date acquired | Total Checkouts | Full call number | Barcode | Date last seen | Price effective from | Koha item type |
|---|---|---|---|---|---|---|---|---|---|---|---|---|---|---|
| College of Electrical & Mechanical Engineering (CEME) | College of Electrical & Mechanical Engineering (CEME) | Reference | 10/17/2022 | PRO 220 | PR-SOF-2146 | 10/17/2022 | 10/17/2022 | Project Report |
